Aplikácia vybraných metód hodnotenia výkonnosti v podmienkach konkrétneho podniku diplomová práca

Guardado en:
Detalles Bibliográficos
Autor principal: Bereznanin, Michal
Autor Corporativo: Podnikovohospodárska fakulta EU so sídlom v Košiciach. Katedra finančného riadenia podniku
Otros Autores: Feranecová, Adela, 1986-
Formato: Libro
Lenguaje:eslovaco
Publicado: Košice 2018
Etiquetas: Agregar Etiqueta
Sin Etiquetas, Sea el primero en etiquetar este registro!

MARC

LEADER 00000nbm a2200000 4500
001 0244076
005 20181019145731.6
041 0 |a slo 
044 |a SK 
245 1 0 |a Aplikácia vybraných metód hodnotenia výkonnosti v podmienkach konkrétneho podniku  |b diplomová práca  |c Michal Bereznanin ; školiteľ: Adela Feranecová 
264 1 |a Košice  |c 2018 
300 |a 75 s. 
100 1 |a Bereznanin, Michal 
700 1 |a Feranecová, Adela, 1986- 
710 2 |a Podnikovohospodárska fakulta EU so sídlom v Košiciach. Katedra finančného riadenia podniku